000 00952nam a2200217 a 4500
001 000041934
005 20201002035835.0
008 131023s2003 sp a 000 0 spa d
020 _a8400082001
040 _aDO-SdBNP
_bspa
_cBNPHU
082 _axxx
_bxxxx
245 0 0 _aValoración del uso recreativo del Parque Nacional de Doñana. /
_ccoordinadores, Lucinio Júdez Asensio, Ma. Rosario de Andrés Gómez de Barreda, Elvira Urzainqui Miqueleiz.
260 _aMadrid, :
_bConsejo Superior de Investigaciones Científicas
_bInstituto de Economía y Geografía,
_c2003.
300 _a150 p. :
_bil. ;
_c28 cm.
490 1 _aEstudios ambientales y socioeconómicos
_v3
504 _aBibliografía p: 79-81
700 1 _aJúdez Asencio, Lucinio
_ecoord.
_968843
700 1 _aGómez de Barreda, Ma. Rosario de Andrés
_ecoord.
_968844
700 1 _aUrzainqui Miqueleiz, Elvira
_ecoord.
_968845
830 0 _aEstudios ambientales y socioeconómicos
_v3
_967697
999 _c41423
_d41423